书目信息 |
| 题名: |
中国对外经济合作30年
|
|
| 作者: | 周密 主编 ;商务部研究院 编 | |
| 分册: | ||
| 出版信息: | 北京 中国商务出版社 2008 |
|
| 页数: | 303页 | |
| 开本: | 24cm | |
| 丛书名: | 纪念改革开放30周年丛书 | |
| 单 册: | ||
| 中图分类: | F125.4 | |
| 科图分类: | ||
| 主题词: | 对外经济合作--研究--中国--1978~2008 , 对外经济合作 | |
| 电子资源: | ||
| ISBN: | 978-7-80181-999-4 | |
| 000 | 01016oam2 2200289 45 | |
| 001 | 1029970324 | |
| 005 | 20100428144552.23 | |
| 010 | @a978-7-80181-999-4@dCNY36.00 | |
| 100 | @a20100420d2008 em y0chiy50 ea | |
| 101 | 0 | @achi |
| 102 | @aCN@b110000 | |
| 105 | @ay z 000yy | |
| 106 | @ar | |
| 200 | 1 | @a中国对外经济合作30年@AZhong Guo Dui Wai Jing Ji He Zuo 30 Nian@f周密主编@FZhou Mi Zhu Bian@g商务部研究院编 |
| 210 | @a北京@c中国商务出版社@d2008 | |
| 215 | @a303页@d24cm | |
| 225 | 2 | @a纪念改革开放30周年丛书 |
| 300 | @a中国对外贸易中心资助项目 | |
| 330 | @a本书分总论、对外直接投资、对外承包工程、对外劳务合作、对外援助、接受对外援助六篇。对改革开放30年中国的对外经济合作进行研究。 | |
| 461 | 0 | @12001 @a纪念改革开放30周年丛书 |
| 606 | 0 | @a对外经济合作@x研究@y中国@z1978~2008 |
| 606 | 0 | @a对外经济合作 |
| 690 | @aF125.4@v4 | |
| 701 | 0 | @a周密@AZhou Mi@4主编 |
| 712 | 02 | @a商务部研究院@AShang Wu Bu Yan Jiu Yuan@4编 |
| 801 | 0 | @aCN@bTANGWEI@c20100428 |
| 905 | @b0595060-64@dF125.4@e148@f5 | |
| 中国对外经济合作30年/周密主编/商务部研究院编.-北京:中国商务出版社,2008 |
| 303页;24cm.-(纪念改革开放30周年丛书) |
| 中国对外贸易中心资助项目 |
| ISBN 978-7-80181-999-4:CNY36.00 |
| 本书分总论、对外直接投资、对外承包工程、对外劳务合作、对外援助、接受对外援助六篇。对改革开放30年中国的对外经济合作进行研究。 |
| ● |
| 相关链接 |
|
|
|
|
正题名:中国对外经济合作30年
索取号:F125.4/148
 
预约/预借
| 序号 | 登录号 | 条形码 | 馆藏地/架位号 | 状态 | 备注 |
| 1 | 0595060 | 205950602 | 第一样本阅览室/ [索取号:F125.4/148] | 在馆 | |
| 2 | 0595061 | 205950611 | 第一借阅区/ [索取号:F125.4/148] | 在馆 | |
| 3 | 0595062 | 205950620 | 第一借阅区/ [索取号:F125.4/148] | 在馆 | |
| 4 | 0595063 | 205950639 | 第一借阅区/ [索取号:F125.4/148] | 在馆 | |
| 5 | 0595064 | 205950648 | 第一借阅区/ [索取号:F125.4/148] | 在馆 |